| 000 | 00580nam a2200193Ia 4500 | ||
|---|---|---|---|
| 005 | 20260114185753.0 | ||
| 008 | 008 260114s9999 xx 000 0 eng d | ||
| 020 | _a9781350133488 | ||
| 037 | _aEBOOK | ||
| 040 |
_aCRL _beng _cCRL |
||
| 041 |
_aeng _2eng |
||
| 084 | _qCRL | ||
| 100 |
_aJoseph Bedford _9874204 |
||
| 245 | 0 | _aIs there an Object Oriented Architecture? Engaging Graham Harman | |
| 260 |
_bBloomsbury _c2020 |
||
| 856 | _uhttps://doi.org/10.5040/9781350133488?locatt=label:secondary_bloomsburyCollections | ||
| 942 | _cEBOOK | ||
| 999 |
_c1473138 _d1473138 |
||